|
|
|
|
| LEADER |
00000naa2a2200000 4500 |
| 001 |
77195 |
| 005 |
20251202094405.0 |
| 035 |
|
|
|a (RuTPU)RU\TPU\book\82776
|
| 090 |
|
|
|a 77195
|
| 100 |
|
|
|a 20050516d2002 k y0rusy50 ca
|
| 101 |
0 |
|
|a rus
|
| 102 |
|
|
|a RU
|
| 200 |
1 |
|
|a Экспериментальные исследования влияния гармонической вибрации на устойчивость маятниковых систем
|f А. В. Глазачев, Л. В. Леонович, О. В. Тумаева
|
| 320 |
|
|
|a Библиогр.: 2 назв.
|
| 461 |
|
1 |
|0 (RuTPU)RU\TPU\book\45612
|t Современные техника и технологии - СТТ' 2002
|o труды VIII международной научно-практической конференции студентов, аспирантов и молодых ученых, Томск, 8-12 апреля 2002 г.
|f Томский политехнический университет
|d 2002-
|
| 463 |
|
1 |
|0 (RuTPU)RU\TPU\book\44697
|t Т. 1
|f отв. ред. А. С. Заворин
|v С. 123-124
|d 2002
|
| 610 |
1 |
|
|a маятниковые системы
|
| 610 |
1 |
|
|a вибрация
|
| 610 |
1 |
|
|a гармоническая вибрация
|
| 610 |
1 |
|
|a механические колебания
|
| 610 |
1 |
|
|a возмутители колебаний
|
| 610 |
1 |
|
|a экспериментальные установки
|
| 610 |
1 |
|
|a труды учёных ТПУ
|
| 700 |
|
1 |
|a Глазачев
|b А. В.
|c специалист в области электроники
|c доцент Томского политехнического университета, кандидат технических наук
|f 1974-
|g Александр Владимирович
|3 (RuTPU)RU\TPU\pers\26444
|9 12147
|
| 701 |
|
1 |
|a Леонович
|b Л. В.
|
| 701 |
|
1 |
|a Тумаева
|b О. В.
|
| 801 |
|
1 |
|a RU
|b 63413507
|c 20050516
|g PSBO
|
| 801 |
|
2 |
|a RU
|b 63413507
|c 20140531
|g RCR
|
| 942 |
|
|
|c BK
|